Zu einigen Problemen der kriminalpsychologischen Methodologie

Guardado en:  
Detalles Bibliográficos
Tipo de documento: Print Artículo
Lenguaje:Alemán
Publicado: 1970
En: Kriminalistik und forensische Wissenschaften
Año: 1970, Volumen: 1, Páginas: 63-68
Verificar disponibilidad: HBZ Gateway
Palabras clave:

MARC

LEADER 00000caa a2200000 c 4500
001 1471837599
003 DE-627
005 20260422080819.0
007 tu
008 140228s1970 xx ||||| 00| ||ger c
035 |a (DE-627)1471837599 
035 |a (DE-576)401837599 
035 |a (DE-599)BSZ401837599 
040 |a DE-627  |b ger  |c DE-627  |e rakwb 
041 |a ger 
245 0 0 |a Zu einigen Problemen der kriminalpsychologischen Methodologie 
264 1 |c 1970 
336 |a Text  |b txt  |2 rdacontent 
337 |a ohne Hilfsmittel zu benutzen  |b n  |2 rdamedia 
338 |a Band  |b nc  |2 rdacarrier 
773 0 8 |i In  |t Kriminalistik und forensische Wissenschaften  |d Heidelberg : Kriminalistik Verl., 1970  |g 1(1970), Seite 63-68  |w (DE-627)129094137  |w (DE-600)7149-3  |w (DE-576)01443007X  |x 0023-4702  |7 nnas 
773 1 8 |g volume:1  |g year:1970  |g pages:63-68 
951 |a AR 
ELC |b 1 
LOK |0 000 xxxxxcx a22 zn 4500 
LOK |0 001 2784922960 
LOK |0 003 DE-627 
LOK |0 004 1471837599 
LOK |0 005 20150112105411 
LOK |0 008 140228||||||||||||||||ger||||||| 
LOK |0 040   |a DE-21-110  |c DE-627  |d DE-21-110 
LOK |0 689   |a s  |a Kriminalpsychologie 
LOK |0 852   |z Kein Bestand am IfK; Nachweis für KrimDok 
LOK |0 852   |a DE-21-110 
LOK |0 852 1  |m v  |9 00 
LOK |0 935   |a k110 
LOK |0 938   |k v 
LOK |0 939   |a 2014-02-28  |b l01 
ORI |a WA-MARC-krimdoka001.raw